000 00718nam a22002417a 4500
005 20250204112132.0
008 250203b |||||||| |||| 00| 0 eng d
020 _a978-93-83221-56-1
037 _cTB
040 _aAL
_cAL
041 _2eng
_aeng
084 _aV2 R4
_qAL
100 _aChaturvedi, Heramb
_9400633
245 _aProbings into India's distant past:
_bMyth, History and belief
260 _aDelhi, India:
_bSharada Publishing House,
_c2024.
300 _axii,156p.
365 _b2850.00
_cINR
546 _aeng
650 _aIndia
650 _aHistory
942 _2CC
_cTB
_hV2 R4
_n0
999 _c1238337
_d1238337